Soviet polity: Government and politics in the U.S.S.R. (Record no. 194400)

MARC details
000 -LEADER
fixed length control field 00410nam a2200157Ia 4500
008 - FIXED-LENGTH DATA ELEMENTS--GENERAL INFORMATION
fixed length control field 230917s9999||||xx |||||||||||||| ||und||
040 ## - CATALOGING SOURCE
-- 9311
Original cataloging agency VIVEKANANDA LIBRARY
041 ## - Language
-- English
082 ## - DDC NUMBER
Classification number 320.947 R311S
100 ## - MAIN ENTRY--PERSONAL NAME
Personal name Reshetar, John S
245 #0 - TITLE STATEMENT
Title Soviet polity: Government and politics in the U.S.S.R.
250 ## - EDITION STATEMENT
Edition statement 2nd ed.
260 ## - PUBLICATION, DISTRIBUTION, ETC. (IMPRINT)
Place of publication, distribution, etc New York
Name of publisher, distributor, etc Harper & Row
Date of publication, distribution, etc 1978
300 ## - PHYSICAL DESCRIPTION
Pages xi, 413 p.
942 ## - ADDED ENTRY ELEMENTS (KOHA)
Koha item type Books
Holdings
Withdrawn status Lost status Damaged status Not for loan Location (home branch) Sublocation or collection (holding branch) Date acquired Koha issues (times borrowed) Koha full call number Accession No. Koha date last seen Koha item type
        VIVEKANANDA LIBRARY VIVEKANANDA LIBRARY 08/08/2002   320.947 R311S 52111 17/09/2023 Books
        VIVEKANANDA LIBRARY VIVEKANANDA LIBRARY 08/08/2002   320.947 R311S 52370 17/09/2023 Books
© Designed and Maintained by Vivekananda Library, MDU Rohtak